00522nam a2200205 a 4500001001300000003000900013005001700022008004100039020002200080082001700102100001200119245005400131260002500185300000800210500003500218505001000253650002400263700001400287700001500301nice12345678IN_TiNIC20260116012312.0050524s1992 dela grp 000 0 eng  a8172141 c3000a291.172bBAG aBage, M aMany Other Ways? Questions of Religious Pluralism aDelhi bISPCK c1992 a80p aincludes index and biblioraphy2 aIndex aReligious Pluralism1 aR Hedlund1 aP B Thomas